Top 5 European Leagues Top Scorers: 2016/17 - Statistics

General Stats
  • This quiz has been taken 18 times
  • The average score is 23 of 29
Answer Stats
League Goals Club Nationality Player % Correct
La Liga 16 Atletico Madrid France Antoine Griezmann
100%
La Liga 25 Real Madrid Portugal Cristiano Ronaldo
100%
Ligue 1 35 PSG Uruguay Edinson Cavani
100%
La Liga 37 Barcelona Argentina Lionel Messi
100%
La Liga 29 Barcelona Uruguay Luis Suarez
100%
Ligue 1 21 Monaco Colombia Radamel Falcao
100%
Bundesliga 30 Bayern Munich Poland Robert Lewandowski
100%
Premier League 20 Manchester City Argentina Sergio Aguero
100%
Premier League 24 Arsenal Chile Alexis Sanchez
94%
Serie A 28 Napoli Belgium Dries Mertens
94%
Serie A 29 Roma Bosnia and Herzegovina Edin Dzeko
94%
Serie A 24 Juventus Argentina Gonzalo Higuain
94%
Premier League 29 Tottenham England Harry Kane
94%
La Liga 29 Celta Vigo Spain Iago Aspas
94%
Bundesliga 31 Borussia Dortmund Gabon Pierre-Emerick Aubameyang
94%
Premier League 25 Everton Belgium Romelu Lukaku
94%
Ligue 1 28 Lyon France Alexandre Lacazette
83%
Premier League 20 Chelsea Spain Diego Costa
83%
Bundesliga 21 Leipzig Germany Timo Werner
83%
Ligue 1 15 Nice Italy Mario Balotelli
72%
Serie A 24 Inter Argentina Mauro Icardi
72%
La Liga 16 Athletic Bilbao Spain Aritz Aduriz
67%
Ligue 1 15 Monaco France Kylian Mbappe
67%
Bundesliga 25 Koln France Anthony Modeste
61%
Serie A 26 Torino Italy Andrea Belotti
50%
Ligue 1 15 Marseille France Florian Thauvin
28%
Bundesliga 16 Wolfsburg Germany Mario Gomez
28%
Ligue 1 20 Marseille France Bafetimbi Gomis
17%
Ligue 1 15 Caen Croatia Ivan Santini
6%
No matching quizzes found
Score Distribution
Percent of People with Each Score
Percentile by Number Answered
Your Score History
You have not taken this quiz